Indian foreign policy : (Record no. 170558)

MARC details
000 -LEADER
fixed length control field 00627nam a2200193 4500
005 - DATE AND TIME OF LATEST TRANSACTION
control field 20191217160919.0
010 ## - LCCN (DPL NO)
LC control number ENG-127178
020 ## - INTERNATIONAL STANDARD BOOK NUMBER
International Standard Book Number 9789352875436
Terms of availability 595.00
035 ## - SYSTEM CONTROL NUMBER
System control number EN-110710
037 ## - SOURCE OF ACQUISITION
Source of stock number/acquisition DBAD/PUB
082 ## - DEWEY DECIMAL CLASSIFICATION NUMBER
Classification number 327.105
100 ## - MAIN ENTRY--PERSONAL NAME
Personal name Pant, Harsh V.
245 ## - TITLE STATEMENT
Title Indian foreign policy :
Statement of responsibility, etc by Harsh V.Pant
Remainder of title an overview /
260 ## - PUBLICATION, DISTRIBUTION, ETC. (IMPRINT)
Place of publication, distribution, etc Hyderabad
Name of publisher, distributor, etc Orient Blackswan
Date of publication, distribution, etc 2016
270 ## - ADDRESS
Address 3-6-752 Himayatnagar, Hyderabad
City Telangana
Postal code 500029
Electronic mail address indo@orientblackswan.com
300 ## - PHYSICAL DESCRIPTION
Extent 246p .
Dimensions 22cm(pbk)
500 ## - GENERAL NOTE
General note Includes bibliographical references and index
942 ## - ADDED ENTRY ELEMENTS (KOHA)
Source of classification or shelving scheme Dewey Decimal Classification
Item type English Books
Classification part 327.105
Call number suffix PAN
Holdings
Withdrawn status Lost status Not for loan Collection code Home library Current library Date acquired Source of acquisition Cost, normal purchase price Full call number Barcode Copy number Cost, replacement price Koha item type
      Non-fiction D.B.Act.Division Mobile Library 17/12/2019 DBAD/PUB 595.00 327.105 PAN EN-110710 1 595.00 English Books

© Delhi Public Library
Hit Counter
free hit counter